Library Catalog

Miracle at St. Andrews / (Record no. 492699)

MARC details
000 -LEADER
fixed length control field 01409nam a22002417a 4500
003 - CONTROL NUMBER IDENTIFIER
control field OSt
005 - DATE AND TIME OF LATEST TRANSACTION
control field 20260512095441.0
008 - FIXED-LENGTH DATA ELEMENTS--GENERAL INFORMATION
fixed length control field 260512b |||||||| |||| 00| 0 eng d
020 ## - INTERNATIONAL STANDARD BOOK NUMBER
International Standard Book Number 9781787462434
040 ## - CATALOGING SOURCE
Original cataloging agency Kenya National Library Service
082 ## - DEWEY DECIMAL CLASSIFICATION NUMBER
Classification number 813.54 PAT
100 ## - MAIN ENTRY--PERSONAL NAME
Personal name Patterson, James
Relator term Author
245 ## - TITLE STATEMENT
Title Miracle at St. Andrews /
Statement of responsibility, etc. James Patterson, Peter de Jong
300 ## - PHYSICAL DESCRIPTION
Extent 224, 21 pages ;
Dimensions 20 cm.
490 ## - SERIES STATEMENT
Series statement Miracle Series (3).
520 ## - SUMMARY, ETC.
Summary, etc. In this inspiring novel, one ordinary man makes the pilgrimage to the mythical greens of St. Andrews—the birthplace of golf—on a search for greatness.<br/>If golf novels had a leaderboard, Miracle at St. Andrews would be at the top.<br/>Though nobody has ever identified a single secret—no universally accepted truth—to the sport, every real player searches for one. Travis McKinley is one such seeker. A former professional golfer who feels like he's an amateur at the rest of life, he makes a pilgrimage to the mythical greens at St. Andrews. On the course where golf was born, every link, hole, fairway—even the gorse—feels like sacred ground. Ground that can help an ordinary player, an ordinary man, achieve a higher plane.
650 ## - SUBJECT ADDED ENTRY--TOPICAL TERM
Topical term or geographic name entry element Family
Form subdivision Fiction.
650 ## - SUBJECT ADDED ENTRY--TOPICAL TERM
Topical term or geographic name entry element Sports
Form subdivision Fiction.
700 ## - ADDED ENTRY--PERSONAL NAME
Personal name Jong, Peter de
Relator term Author
942 ## - ADDED ENTRY ELEMENTS (KOHA)
Source of classification or shelving scheme Dewey Decimal Classification
Koha item type Books
Suppress in OPAC No
Holdings
Withdrawn status Source of classification or shelving scheme Damaged status Not for loan Home library Current library Date acquired Source of acquisition Cost, normal purchase price Total checkouts Full call number Barcode Date last seen Price effective from Koha item type
  Dewey Decimal Classification     Nakuru Library Acquisition, Cataloguing, Classification and Distribution Development 05/12/2026 BAI 1249.00   813.54 PAT B231554 05/12/2026 05/12/2026 Books

© 2025, Kenya National Library Service | Designed & Maintained by Uvumbuzi Center